| 000 | 01443nam a2200409 i 4500 | ||
|---|---|---|---|
| 001 | 24915 | ||
| 003 | KOSZ 005 | ||
| 005 | 20200430140957.0 | ||
| 008 | 980408s1996 pl a f |000 0 pol | ||
| 015 | _aUWD 1998/3695 | ||
| 020 | _a8386705698 | ||
| 035 | _a991003525459705066 | ||
| 035 | _a(PL-WaBN)b10945556-48omnis_nlop | ||
| 035 | _ab10945556 | ||
| 035 | _a(OCoLC)803957657 | ||
| 035 | _a(PL)b0000001094555 | ||
| 035 | _a(EXLNZ-48OMNIS_NETWORK)9910464104205606 | ||
| 040 |
_aWA N _cWA N _dKOSZ 005/EG |
||
| 080 | _a678 | ||
| 100 | 1 |
_aSzlezyngier, Włodzimierz _d(1924-2007) _eAutor |
|
| 245 | 1 | 0 |
_aTworzywa sztuczne : _bchemia, technologia wytwarzania, właściwości, przetwórstwo, zastosowanie. _nT. 1 / _cWłodzimierz Szlezyngier. |
| 260 |
_aRzeszów : _bOficyna Wydawnicza Politechniki Rzeszowskiej, _c1996. |
||
| 300 |
_a501 s. : _brys., wykr. ; _c24 cm. |
||
| 336 |
_aTekst _btxt _2rdacontent |
||
| 337 |
_aBez urządzenia pośredniczącego _bn _2rdamedia |
||
| 338 |
_aWolumin _bnc _2rdacarrier |
||
| 380 | _aKsiążki | ||
| 388 | _a1901-2000 | ||
| 388 | _a1989-2000 | ||
| 650 | 7 |
_aTworzywa sztuczne _2DBN |
|
| 658 | _aChemia | ||
| 658 | _aInżynieria i technika | ||
| 710 | 2 |
_aOficyna Wydawnicza Politechniki Rzeszowskiej _4pbl |
|
| 856 |
_uhttp://koha.tu.koszalin.pl/cgi-bin/koha/opac-detail.pl?biblionumber=24915 _yKatalog online BPK |
||
| 942 |
_2UKD _cKS |
||
| 999 |
_c24915 _d24915 |
||